Geography Quiz

Random Geography or Asia Quiz
Score 0/12 Timer 04:00
1 Play Today
% Correct
Iceland
96%
Portugal
88.5%
United States
87%
Mexico
78.2%
Russia
69.3%
Germany
44.3%
Brazil
43.8%
Thailand
43.7%
Bulgaria
34.2%
Turkey
30.3%
Hungary
26.3%
Chad
24.4%
Remove Ads.
Support Sporcle.
Get the best of Sporcle when you Go Orange. This ad-free experience offers more features, more stats, and more fun while also helping to support Sporcle. Thank you for becoming a member.

You're not logged in!

Compare scores with friends on all Sporcle quizzes.
OR
Log In

Show Comments

Extras

Top Quizzes Today


Score Distribution

Your Account Isn't Verified!

In order to create a playlist on Sporcle, you need to verify the email address you used during registration. Go to your Sporcle Settings to finish the process.

Report this User

Report this user for behavior that violates our Community Guidelines.

Details: